Catálogo
 En Linea

Hortensias magazine. (Registro nro. 37005)

Detalles MARC
000 -CABECERA
campo de control de longitud fija 00497nas a2200169 a 4500
001 - NÚMERO DE CONTROL
campo de control 000037515
005 - FECHA Y HORA DE LA ÚLTIMA TRANSACCIÓN
campo de control 20200930080415.0
008 - DATOS DE LONGITUD FIJA--INFORMACIÓN GENERAL
campo de control de longitud fija 120420c20069999dr ur1p dd 0 0spa d
040 ## - FUENTE DE LA CATALOGACIÓN
Centro catalogador/agencia de origen DO-SdBNP
Lengua de catalogación spa
Centro/agencia transcriptor BNPHU
043 ## - CÓDIGO DE ÁREA GEOGRÁFICA
Código de área geográfica nwdr
245 00 - MENCIÓN DE TÍTULO
Título Hortensias magazine.
260 ## - PUBLICACIÓN, DISTRIBUCIÓN, ETC.
Lugar de publicación, distribución, etc. Bonao, República Dominicana : Alejandrina Hernández,
Fecha de publicación, distribución, etc. 2006.
300 ## - DESCRIPCIÓN FÍSICA
Extensión v.- :
Otras características físicas il. ;
Dimensiones 29 cm.
310 ## - PERIODICIDAD ACTUAL
Periodicidad actual Desconocido
362 1# - FECHAS DE PUBLICACIÓN Y/O DESIGNACIÓN SECUENCIAL
Fecha de publicación y/o designación secuencial No. 1, (Agosto 2006)
500 ## - NOTA GENERAL
Nota general Catalogación basada en : No. 1, (Agosto 2006)

No hay ítems disponibles.

Con tecnología Koha